Statistics for Who is it? Darts!

Click here to take the quiz!

General Stats

  • This quiz has been taken 40 times
  • The average score is 32 of 53

Answer Stats

Answer% Correct
Michael Van Gerwen
100%
Peter Wright
100%
Luke Littler
97%
Gerwyn Price
94%
Luke Humphries
94%
Phil Taylor
94%
Rob Cross
94%
Michael Smith
91%
Raymond Van Barneveld
91%
Gary Anderson
88%
James Wade
85%
Nathan Aspinall
82%
Damon Heta
76%
Danny Noppert
76%
Dave Chisnall
76%
Simon Whitlock
76%
Adrian Lewis
70%
Dimitri Van Den Bergh
70%
Stephen Bunting
70%
Gabriel Clemens
67%
Ricky Evans
67%
Ryan Searle
67%
Scott Williams
67%
Chris Dobey
64%
Martin Schindler
64%
Joe Cullen
61%
Jose De Sousa
61%
Josh Rock
61%
Jonny Clayton
58%
Mensur Suljovic
58%
Andrew Gilding
55%
Dirk Van Duijvenbode
55%
Ricardo Pietreczko
55%
Ross Smith
55%
Daryl Gurney
52%
Brendan Dolan
48%
John Henderson
48%
Kim Huybrechts
48%
Mervyn King
48%
John Part
45%
Callan Rydz
42%
Florian Hempel
42%
Paul Lim
42%
Glen Durrant
36%
Boris Krcmar
33%
Robert Thornton
33%
Dennis Priestley
30%
Krzysztof Ratajski
27%
Kevin Painter
24%
Peter Manley
24%
Eric Bristow
21%
John Lowe
21%
Martin Adams
18%

Score Distribution

Percentile by Number Answered

Percent of People with Each Score

Your Score History

You have not taken this quiz